000 00790nam a22002897a 4500
001 BR7200645
003 BR-BrBNA
005 20230928083806.0
007 ta
008 230509b bl.||||| |||| 00| 0 por d
040 _aBR-BrBNA
_bpor
_cBiblioteca Nacional de Agricultura
041 _a(Por)
072 _aE70; F00
_b0170
_b/G514
090 _ 0170 BR7200645
110 1 _aBanco de Desenvolvimento do Parana S.A., Curitiba (Brasil)
_91089
245 1 _aSorgo [comercio internacional, Parana, Brasil]
260 3 _aCuritiba, PR (Brasil):
_c1972.
300 _a20 p.
500 _a9 tables
650 _aMERCADO INTERNACIONAL
650 _aPRECO
650 _aCUSTO DE PRODUCAO
650 _aSORGO
650 _aPARANA
909 _a202309
_bLucia
_c55
_dLucia Elande
942 _cBK
999 _c15259
_d15259